Estimation of relative spectral corrections in regional seismic station network (Kamchatka); Проблемы геологии и освоения недр; Т. 2

Detaylı Bibliyografya
Parent link:Проблемы геологии и освоения недр: труды XIX Международного симпозиума имени академика М. А. Усова студентов и молодых ученых, посвященного 70-летнему юбилею Победы советского народа над фашистской Германией, Томск, 6-10 апреля 2015 г./ Национальный исследовательский Томский политехнический университет (ТПУ), Институт природных ресурсов (ИПР) ; Общество инженеров-нефтяников, международная некоммерческая организация, Студенческий чаптер ; под ред. А. Ю. Дмитриева.— , 2015
Т. 2.— [С. 791-792]
Yazar: Chubarov D. L.
Kurumsal yazarlar: Национальный исследовательский Томский политехнический университет (ТПУ) Институт природных ресурсов (ИПР) Кафедра геофизики (ГЕОФ), Национальный исследовательский Томский политехнический университет (ТПУ) Институт природных ресурсов (ИПР) Кафедра иностранных языков (ИЯПР)
Diğer Yazarlar: Nemirovich-Danchenko M. M. Mikhail Mikhailovich (научный руководитель), Terre D. A. Dina Anatolievna
Özet:Заглавие с экрана
Dil:İngilizce
Baskı/Yayın Bilgisi:
Seri Bilgileri:Geology, mining and petroleum engineering (English, German)
Konular:
Online Erişim:http://earchive.tpu.ru/handle/11683/23039
http://www.lib.tpu.ru/fulltext/c/2015/C11/V2/356.pdf
Materyal Türü: Elektronik Kitap Bölümü
KOHA link:https://koha.lib.tpu.ru/cgi-bin/koha/opac-detail.pl?biblionumber=615671

MARC

LEADER 00000naa2a2200000 4500
001 615671
005 20231101132853.0
035 |a (RuTPU)RU\TPU\conf\13870 
035 |a RU\TPU\conf\13868 
090 |a 615671 
100 |a 20151113d2015 k y0rusy50 ba 
101 0 |a eng 
102 |a RU 
105 |a y z 100zy 
135 |a drgn ---uucaa 
181 0 |a i  
182 0 |a b 
200 1 |a Estimation of relative spectral corrections in regional seismic station network (Kamchatka)  |f D. L. Chubarov  |g sci. adv. M. M. Nemirovich-Danchenko, D. A. Terre 
203 |a Текст  |c электронный 
225 1 |a Geology, mining and petroleum engineering (English, German) 
230 |a 1 компьютерный файл (pdf; 315 Kb) 
300 |a Заглавие с экрана 
320 |a [Библиогр.: с. 792 (2 назв.)] 
337 |a Adobe Reader 
461 1 |0 (RuTPU)RU\TPU\conf\12865  |t Проблемы геологии и освоения недр  |o труды XIX Международного симпозиума имени академика М. А. Усова студентов и молодых ученых, посвященного 70-летнему юбилею Победы советского народа над фашистской Германией, Томск, 6-10 апреля 2015 г.  |o в 2 т.  |f Национальный исследовательский Томский политехнический университет (ТПУ), Институт природных ресурсов (ИПР) ; Общество инженеров-нефтяников, международная некоммерческая организация, Студенческий чаптер ; под ред. А. Ю. Дмитриева  |d 2015 
463 1 |0 (RuTPU)RU\TPU\conf\13350  |t Т. 2  |v [С. 791-792] 
610 1 |a труды учёных ТПУ 
610 1 |a электронный ресурс 
610 1 |a региональные сети 
610 1 |a сейсмические станции 
610 1 |a Камчатка 
700 1 |a Chubarov  |b D. L. 
702 1 |a Nemirovich-Danchenko  |b M. M.  |c geophysicist  |c Professor of Tomsk Polytechnic University, Doctor of physical and mathematical sciences  |f 1955-  |g Mikhail Mikhailovich  |2 stltpush  |4 727 
702 1 |a Terre  |b D. A.  |c linguist  |c Associate Professor of Tomsk Polytechnic University, Candidate of philological science  |f 1980-  |g Dina Anatolievna  |2 stltpush  |4 727 
712 0 2 |a Национальный исследовательский Томский политехнический университет (ТПУ)  |b Институт природных ресурсов (ИПР)  |b Кафедра геофизики (ГЕОФ)  |h 254  |2 stltpush  |3 (RuTPU)RU\TPU\col\18667 
712 0 2 |a Национальный исследовательский Томский политехнический университет (ТПУ)  |b Институт природных ресурсов (ИПР)  |b Кафедра иностранных языков (ИЯПР)  |h 6735  |2 stltpush  |3 (RuTPU)RU\TPU\col\18662 
801 2 |a RU  |b 63413507  |c 20210119  |g RCR 
856 4 |u http://earchive.tpu.ru/handle/11683/23039 
856 4 |u http://www.lib.tpu.ru/fulltext/c/2015/C11/V2/356.pdf 
942 |c BK